Score 0/23 Timer 04:00
0 Plays Today
Letter ANIMAL % Correct
YYak
96%
LLlama
95.1%
IIguana
94.4%
ZZebra
94.2%
CChipmunk
91.3%
WWombat
91.2%
BBison
89.2%
JJackal
89.2%
FFlamingo
88.2%
PPlatypus
87.5%
EElephant
86.3%
RRaccoon
85.6%
Letter ANIMAL % Correct
GGazelle
85.4%
DDingo
83.9%
OOyster
78.7%
KKomodo Dragon
77%
MMosquito
73.6%
TTurtle
70.4%
SSquirrel
68.9%
NNarwhal
67.7%
HHornet
43.6%
AAlbatross
41.3%
VVicuña
19.2%
Remove Ads.
Support Sporcle.
Get the best of Sporcle when you Go Orange. This ad-free experience offers more features, more stats, and more fun while also helping to support Sporcle. Thank you for becoming a member.

You're not logged in!

Compare scores with friends on all Sporcle quizzes.
OR
Log In

Show Comments

Extras

Top Quizzes Today


Score Distribution

Your Account Isn't Verified!

In order to create a playlist on Sporcle, you need to verify the email address you used during registration. Go to your Sporcle Settings to finish the process.

Report this User

Report this user for behavior that violates our Community Guidelines.

Details: